Quiz mathématique rapide, juste un petit - x 4 - Quiz 19 - Statistiques

Statistiques générales
  • Ce quiz a été pris 68 fois
  • Le résultat moyen est 14 sur 15
Statistiques - réponses
X 4 Réponse % Correct
25 100
100%
7 28
98%
11 44
98%
34 136
97%
49 196
97%
26 104
95%
37 148
95%
54 216
95%
17 68
95%
63 252
94%
67 268
94%
73 292
94%
41 164
94%
39 156
92%
69 276
92%
Aucun quiz correspondant
Distribution des résultats
% des personnes avec chaque résultat
Percentile par nombre de réponses
Votre historique - résultats
Vous n’avez pas pris ce quiz